MARC details
| 000 -CABECERA |
| campo de control de longitud fija |
01073nam a2200265 a 4500 |
| 001 - NÚMERO DE CONTROL |
| campo de control |
000007538 |
| 005 - FECHA Y HORA DE LA ÚLTIMA TRANSACCIÓN |
| campo de control |
20240704114906.0 |
| 008 - DATOS DE LONGITUD FIJA--INFORMACIÓN GENERAL |
| campo de control de longitud fija |
090909s2001 dr a r 000 0 spa d |
| 020 ## - NÚMERO INTERNACIONAL ESTÁNDAR DEL LIBRO |
| Número Internacional Estándar del Libro |
9993448044 |
| 040 ## - FUENTE DE LA CATALOGACIÓN |
| Centro catalogador/agencia de origen |
DO-SdBNP |
| Lengua de catalogación |
spa |
| Centro/agencia transcriptor |
BNPHU |
| 082 ## - NÚMERO DE LA CLASIFICACIÓN DECIMAL DEWEY |
| Número de clasificación |
797.124 |
| Número de documento/Ítem |
O48c |
| 100 1# - ENTRADA PRINCIPAL--NOMBRE DE PERSONA |
| Nombre de persona |
Oliveira Solano, Escipión, |
| Fechas asociadas al nombre |
1927-2000 |
| 9 (RLIN) |
20925 |
| 245 10 - MENCIÓN DE TÍTULO |
| Título |
Cuaderno de bitácora / |
| Mención de responsabilidad, etc. |
Escipión Oliveira ; prólogo Abraham Hazoury Bahles ; edición Aura Celeste Fernández R. |
| 260 ## - PUBLICACIÓN, DISTRIBUCIÓN, ETC. |
| Lugar de publicación, distribución, etc. |
Santo Domingo, : |
| Nombre del editor, distribuidor, etc. |
Universidad Iberoamericana, |
| Fecha de publicación, distribución, etc. |
2001. |
| 300 ## - DESCRIPCIÓN FÍSICA |
| Extensión |
443 p. : |
| Otras características físicas |
il. ; |
| Dimensiones |
23 cm. |
| 590 ## - NOTA LOCAL (RLIN) |
| Nota local |
Inventariado, 2018/BT |
| 650 #4 - PUNTO DE ACCESO ADICIONAL DE MATERIA--TÉRMINO DE MATERIA |
| Término de materia o nombre geográfico como elemento de entrada |
Deporte de velas |
| Subdivisión general |
Ensayos, conferencias, etc. |
| 9 (RLIN) |
20926 |
| 650 #4 - PUNTO DE ACCESO ADICIONAL DE MATERIA--TÉRMINO DE MATERIA |
| Término de materia o nombre geográfico como elemento de entrada |
Navegación |
| 9 (RLIN) |
20927 |
| 650 #4 - PUNTO DE ACCESO ADICIONAL DE MATERIA--TÉRMINO DE MATERIA |
| Término de materia o nombre geográfico como elemento de entrada |
Deportes acuáticos |
| Subdivisión general |
Ensayos, conferencias, etc. |
| 9 (RLIN) |
20928 |
| 650 #4 - PUNTO DE ACCESO ADICIONAL DE MATERIA--TÉRMINO DE MATERIA |
| Término de materia o nombre geográfico como elemento de entrada |
Diarios dominicanos |
| Subdivisión general |
Secciones, columnas, etc. |
| 9 (RLIN) |
44 |
| 700 1# - PUNTO DE ACCESO ADICIONAL--NOMBRE DE PERSONA |
| Nombre de persona |
Hazoury Bahles, Abraham, |
| Término indicativo de función/relación |
pról. |
| 9 (RLIN) |
20929 |
| 700 1# - PUNTO DE ACCESO ADICIONAL--NOMBRE DE PERSONA |
| Nombre de persona |
Fernández Rodríguez, Aura Celeste, |
| Fechas asociadas al nombre |
1959- |
| Término indicativo de función/relación |
ed. |
| 9 (RLIN) |
76547 |
| 730 0# - PUNTO DE ACCESO ADICIONAL--TÍTULO UNIFORME |
| Título uniforme |
Última Hora (República Dominicana) |
| 9 (RLIN) |
20930 |
| 910 ## - DATOS DE OPCIÓN DEL USUARIO (OCLC) |
| Datos de opción del usuario |
Validado. Control de calidad. EMS |